|
|
|
|
| LEADER |
00747nab a2200217 i 4500 |
| 001 |
misc64332 |
| 005 |
20230601134743.0 |
| 008 |
230412s1930 hu o 0|| ger d |
| 040 |
|
|
|a SZTE Miscellanea Repozitórium
|b hun
|
| 041 |
|
|
|a ger
|
| 041 |
|
|
|a tut
|
| 100 |
1 |
|
|a Raquette Gustaf
|
| 245 |
1 |
0 |
|a Eine kaschgarische Wakf-Urkunde aus der Khodscha-Zeit Ost-Turkestans
|h [elektronikus dokumentum] /
|c Raquette Gustaf
|
| 260 |
|
|
|a Gleerup ; Harrassowitz
|b Lund ; Leipzig
|c 1930
|
| 300 |
|
|
|a 24 p. 1 t.
|c 26 cm
|
| 561 |
|
|
|a Németh Gyula hagyaték
|
| 591 |
|
|
|a NOA 4762
|
| 650 |
|
4 |
|a Bölcsészettudományok
|
| 650 |
|
4 |
|a Nyelvek és irodalom
|
| 695 |
|
|
|a Török nyelvemlék
|
| 856 |
4 |
0 |
|u http://misc.bibl.u-szeged.hu/64332/1/4762_noa.pdf
|z Dokumentum-elérés
|